Quizzes
Events
Quiz Creation
Community
Videos
Private Events
Remove Ads
Sign In
Join for FREE
Feedback
Dark Mode
Quiz Categories
Sports
Geography
Music
Movies
Television
Just For Fun
Miscellaneous
History
Literature
Language
Science
Gaming
Entertainment
Religion
Holiday
For Kids
Quiz Lab
Recent
Popular Today
Quiz Kudos Today
Editor Picks
Curator Picks
Quizzes by...
Day
Popularity
Type
Ratings
Length
Year
Community
Subscriptions
Recent Discussions
Orange Saloon
Badges
Playlists
Quests
Create
Leaderboards
Showdown
Live 5
Trivia Bingo
Activity
Puzzle Library
Sporcle Events
Private Events
Virtual Trivia
Globe League
Become a Host
Pub Owners
SporcleCon
Opinionation
Our Games
Videos
Blog
Mobile Apps
Partnerships
Remove Ads and Go Orange
Feedback
Entertainment
Celebrity
Famous
Musical
Broadway
Show
Quote
Comic Books
Anime
Superhero
DC Comics
Marvel
Cartoons
Animation
Entertainment
Celebrity
Famous
Musical
Broadway
Show
Quote
Comic Books
Anime
Superhero
DC Comics
Marvel
Cartoons
Animation
Random Quiz
Search Sporcle
×
Quiz Lab
Quiz Lab
Entertainment
Song
Type in answers that appear in a list
Type in answers that appear in a list
Classic
Best Score? Go Orange.
Disney Song Before and After Stats
Can you name the Disney Song Before and After?
By
moliphino
10m
15 Questions
534 Plays
534 Plays
534 Plays
Comments
Comments
Give Quiz Kudos
Give Quiz Kudos
-
- Ratings
hide this ad
Replay
Link that replays current quiz
Next Quiz
Link to next quiz in quiz playlist
You Got
0%
They Got
Avg Score
34%
Avg Friend Score
Upgrade to see
Score Distribution
Jump to the score distribution portion of the page
Score
0/15
Timer
10:00
0
Plays Today
Before Lyric
Combined Title
% Correct
I know it's true that visions are seldom all they seem
Once Upon A Dream Is A Wish Your Heart Makes
73.6%
Like a bolt out of the blue, fate steps in and sees you through
When You Wish Upon A Star Is Born
52.6%
Take the straight and narrow path and if you start to slide
Give A Little Whistle While You Work
50.6%
That's what brings everaftering so happy
True Love's Kiss The Girl
49.8%
Give me the power of man's red flower
I Wanna Be Like You've Got A Friend In Me
46.1%
Tell me, princess, now when did you last let your heart decide?
A Whole New World's Greatest Criminal Mind
37.5%
He watches over everything we see. Into the water, into the truth
He Lives In You Can Fly! You Can Fly! You Can Fly!
36%
From your head to your toes, you're not much, goodness knows
Baby Mine, Mine, Mine
35.6%
Before Lyric
Combined Title
% Correct
My heart has wings, mmmmmm, and I can fly
So This Is Love Is A Song
26.8%
We all have gaped at some Adonis
A Guy Like You'll Be In My Heart
24%
We adore each filthy chore that we determine
Happy Working Song Of The South
21.5%
You can stick with me, or stay behind and pout
Are You In Or Out There
19.9%
It's left of Nebraska and over a crest
Little Patch Of Heaven's Light
18%
That's when the heavens will part, and, baby, shower you with my love
True To Your Heart Will Lead You Home
13.5%
Salagadoola mechicka boola
Bibbidi Bobbidi Boo Bop Bopbop Bop
7.9%
Quiz Playlist
Details
Report
Send in Message
Add To Playlist
Classic:
Type in answers that appear in a list
Last Updated: Feb 16, 2017
Quiz Scoreboard
CHALLENGE
Sign Up to Join the Scoreboard
Show All
Scores
Hide
Comments
May contain spoilers
Recently Published
Billboard Blitz: Fleetwood Mac
by CooCooCachoo
Music
15s
Presidents Visiting Landmarks
by Hejman
History
7m
An Introduction to Baseball
by treessimontrees
Sports
5m
More to Explore
Quiz From the Vault
Featured Blog Post
Where Did the Easter Bunny Come From?
hide this ad
You Might Also Like...
Tags
Disney Quiz
Lyrics Quiz
Song Quiz
before
Combined
Today's Top Quizzes in Entertainment
Browse Entertainment
hide this ad
Today's Top Quizzes in Song
Browse Song
Top Contributed Quizzes in Entertainment
1
7-to-1: DC Comics Villains
2
Marvel Characters Bunker
3
Eurovision 2023 Logic Puzzle
4
Kamen Rider Motifs
5
Dragon Ball Z: Goku's Fights in Order
6
Criteria Quickie: Cartoon Taxonomy II
7
Sorting Pictures: Villains
8
Fictional Villains Letter U Blitz
9
Dragon Ball Z: Mega Character Search
10
Mini Trivia Sudoku: Musicals
Explore More
Trending Topics
Harry Potter
Kpop
NBA
Crossword
Marvel
Anime
Disney
The Office
Country
WWE
Soccer
Pokémon
Puzzle
Song
NFL
hide this ad
More By:
moliphino
Quiz
Plays
Rating
Category
Featured
Created
Disney Movie by Obscure Song Title
39,863
4.32
Movies
Jul 11, 2010
Guess the Disney Song 801
7,744
4.50
Music
Jul 11, 2010
Guess the Disney Song 800
5,476
4.13
Music
Jun 15, 2010
Guess the Disney World song
3,459
4.67
Music
Jun 15, 2010
Supernatural Episodes By Quote: Season 1
1,733
5.00
Television
Mar 7, 2010
Go to Creator's Profile
Score Distribution
Quiz Creator Spotlight
moliphino
Follow
Send a Message
Quizzes Created
-
Created Quiz Play Count
-
More By This Creator
Popular Quizzes Today
1
Find the US States - No Outlines Minefield
2
Find the Countries of Europe - No Outlines Minefield
3
The Countries of the World
4
Find the US States
5
US States
6
Popular People in 1961
7
Risky Map Clicking: Biggest States A-Z
8
Movies - When Are They Set?
More Entertainment Quizzes
A-Z Idols
Quiz Lab
Trending Quizzes
Risky Map Clicking: Least Populous States A-Z
1-10 Letter G Words
1-10 Letter F Words
Risky Map Clicking: Next State Alphabetically
Risky Map Clicking: Biggest States A-Z
Recently Updated
Leaping Animals
pecheneg
Reality TV Shows (A-Z)
bhenderson79
Rickey Henderson's Hall of Fame Teammates
pecheneg
Champions League XIs: Arsenal
pecheneg
Quick Pick: Celebrities in WWE's Hall of Fame
aduchscher
A-Z Keypad Blitz II
pecheneg
Multiple Oscar Actors
pecheneg
Mystery Phrase Blitz: Oscar 'Best Actors'
pecheneg
F. Scott Fitzgerald Novels
LTH
Pick 3 Villains
ddd62291
Trending Topics
Kpop
Crossword
Harry Potter
Disney
Marvel
NBA
Anime
WWE
NFL
The Office
Soccer
Country
Song
Pokémon
Puzzle
Your Account Isn't Verified!
In order to create a playlist on Sporcle, you need to verify the email address you used during registration. Go to your
Sporcle Settings
to finish the process.
Report this User
Report this user for behavior that violates our
Community Guidelines
.
Details:
Send Report
Go to the Sporcle.com Mobile Site →
Comments